000 00398nam a22001217a 4500
999 _c531184
_d531184
008 250730b ||||| |||| 00| 0 eng d
100 _aSinha, Debadityo
_955883
245 _a‘Judgment restores legal principles’: Union environment ministry’s credibility is now on trial
260 _aDown to Earth
300 _a34(3), Jun 16-30, 2025: p.23-25
773 _aDown to Earth
942 _cAR